000 01537nam2a2200301 4500
001 RU\NLR\bibl\1774714
005 20260407161329.0
010 _a978-5-4334-005-4
_9900
035 _a(NLR Aleph) 001765484
090 _a1604934
_c1604934
100 _a20110601d2011 |||y0rusy50 ca
101 0 _arus
102 _aRU
105 _ay |||||||||
200 0 _aВып. 2
210 _d2011
_aБ. м.
215 _a252, [1] с., [2] л. цв. ил.
327 0 _aСодерж.: авт.: Е. Раевский, С. Супранюк, Дмитрий Киршин, Макар Алпатов, Ирина Титаренко, Наталья Веселова, Людмила Новикова, Виктор Драчев, Юрий Пейсахович, Александр Полозов [и др.]
461 0 _1001RU\NLR\bibl\1775936
_12001#$a"Есть час на те слова..."$vВып. 2
_91612125
_cСанкт-Петербург
_d2011
_fРос. межрегион. союз писателей, [Акад. рус. словесности и изящных искусств им. Г.Р. Державина
_nГамма
_oсборник секции прозы
_t"Есть час на те слова..."
_vВып. 2
686 _aШ6(2=Р)8-4
712 0 2 _4570
_aРоссийский межрегиональный союз писателей
_3RU\NLR\AUTH\8810099241
_9699485
801 0 _aRU
_bNLR
_c20110601
_gRCR
801 1 _aRU
_bNLR
_c20110601
942 _cBOOK
980 _aNB
980 _aNBR